| 000 | 00538nam a22001937a 4500 | ||
|---|---|---|---|
| 003 | OSt | ||
| 005 | 20140310182212.0 | ||
| 008 | 130906t xxu||||| |||| 00| 0 eng d | ||
| 020 | _a045863059185 | ||
| 050 |
_aPS 1331 _b.W447 1991 |
||
| 082 |
_aHS 920 _bW44 1991 |
||
| 100 |
_aWelland, Dennis _916817 |
||
| 245 |
_aThe life and times of mark Twain / _cDennis Welland. |
||
| 260 |
_aNew York : _bA Random House Co., . _c1991 |
||
| 300 |
_a143 p. ; _bill col. ; _c28 cm. |
||
| 650 |
_aBiography _912111 |
||
| 942 | _2lcc | ||
| 999 |
_c10492 _d10492 |
||